Normal view
MARC view
Entry Personal Name
001 - CONTROL NUMBER
- control field: 5439
003 - CONTROL NUMBER IDENTIFIER
- control field: OSt
005 - DATE AND TIME OF LATEST TRANSACTION
- control field: 20190513123009.0
008 - FIXED-LENGTH DATA ELEMENTS
- fixed length control field: 190513|| aca||aabn | a|a d
040 ## - CATALOGING SOURCE
- Original cataloging agency: OSt
- Transcribing agency: OSt
100 ## - HEADING--PERSONAL NAME
- Personal name: O'Nolan, Gerald
670 ## - SOURCE DATA FOUND
- Source citation: Work cat.: (OSt): O'Nolan, Gerald, The nature of contracting hazards in public-private partnerships- evidence from Ireland, 2018
